Municípios da Região Metropolitana do Agreste (AL) no mapa - Statistics

Estatísticas Gerais
  • Esse quiz foi jogado 17 vezes
    14 desde o último reset
  • A pontuação média é 9 de 18
Respostas no mapa
Respostas codificadas por cores de uma escala verde-vermelha no mapa do quiz de acordo com a % correta abaixo.
 
Estatísticas das Respostas
Município % Correto
Arapiraca
89%
Palmeira dos Índios
67%
Craíbas
56%
Lagoa da Canoa
56%
São Brás
56%
Taquarana
56%
Traipu
56%
Campo Grande
44%
Coité do Noia
44%
Estrela de Alagoas
44%
Feira Grande
44%
Girau do Ponciano
44%
Igaci
44%
Jaramataia
44%
São Sebastião
44%
Tanque d'Arca
44%
Belém
33%
Olho d'Água Grande
22%
Nenhum quiz correspondente encontrado
Distribuição das Pontuações
Porcentagem de Pessoas com Cada Pontuação
Percentil de Números Respondidos
Sua Pontuação Histórica
Você não jogou esse quiz desde o último reset